Embalses, fotosíntesis y productividad primaria : curso-taller realizado en la Universidad de Chile, enero 1983 /
Guardado en:
| Autores Corporativos: | , |
|---|---|
| Otros Autores: | , |
| Formato: | Libro |
| Idioma: | Spanish |
| Publicado: |
[Santiago] :
Universidad de Chile,
c1984.
|
| Etiquetas: |
Agregar Etiqueta
Sin Etiquetas, Sea el primero en etiquetar este registro!
|
| LEADER | 01237nam a22001935a 4500 | ||
|---|---|---|---|
| 001 | EEA.libagro004154 | ||
| 005 | 20190328120531.0 | ||
| 008 | 130809s1984####cl#a##########000#0#spa#d | ||
| 082 | 0 | 4 | |a 574.52632 |
| 245 | 1 | 0 | |a Embalses, fotosíntesis y productividad primaria : |b curso-taller realizado en la Universidad de Chile, enero 1983 / |c editores, Nibaldo Bahamonde, Sergio Cabrera ; [traducciones de originales, Sergio Cabrera ... et al.]. |
| 260 | |a [Santiago] : |b Universidad de Chile, |c c1984. | ||
| 300 | |a xxiii, 236 p. : |b il. ; |c 27 cm. | ||
| 500 | |a Spanish and English. | ||
| 500 | |a "MAB, Programa sobre el hombre y la biosfera, Unesco. Campo de acción no 5. Efectos ecológicos de las actividades humanas sobre el valor y los recursos de los lagos, pantanos, ríos, deltas, estuarios y zonas costeras.". | ||
| 700 | 1 | |a Bahamonde N., Nibaldo. | |
| 700 | 1 | |a Cabrera-Silva, Sergio. | |
| 710 | 2 | |a Universidad de Chile. | |
| 710 | 2 | |a International Co-ordinating Council of the Programme on Man and the Biosphere. |b Expert Panel on Project 5: Ecological Effects of Human Activities on the Value and Resources of Lakes, Marshes, Rivers, Deltas, Estuaries, and Coastal Zones. | |
| 859 | |a AR-BbBCA |b BIB. AGRONOMIA |h 574.52632 |i M112 |p 1989/1395 | ||
